Statistics for Governors of Kentucky

Click here to take the quiz!

General Stats

  • This quiz has been taken 5 times
  • The average score is 7 of 63

Answer Stats

HintAnswer% Correct
2019-Andy Beshear
100%
2007-2015Steve Beshear
100%
2015-2019Matt Bevin
80%
2003-2007Ernie Fletcher
40%
1792-1796Isaac Shelby
40%
1812-1816Isaac Shelby
40%
1995-2003Paul E. Patton
40%
1808-1812Charles Scott
20%
1935-1939Happy Chandler
20%
1955-1959Happy Chandler
20%
1836-1839James Clark
20%
1796-1804James Garrard
20%
1900-1907J. C. W. Beckham
20%
1891-1895John Y. Brown
20%
1979-1983John Y. Brown Jr.
20%
1824-1828Joseph Desha
20%
1974-1979Julian Carroll
20%
1939-1943Keen Johnson
20%
1967-1971Louie Nunn
20%
1983-1987Martha Layne Collins
20%
1987-1991Wallace Wilkinson
20%
1844-1848William Owsley
20%
1907-1911Augustus E. Wilson
0%
1915-1919Augustus Owsley Stanley
0%
1859-1862Beriah Magoffin
0%
1959-1963Bert Combs
0%
1991-1995Brereton C. Jones
0%
1839-1840Charles A. Wickliffe
0%
1855-1859Charles S. Morehead
0%
1804-1808Christopher Greenup
0%
1947-1950Earle Clements
0%
1919-1923Edwin P. Morrow
0%
1927-1931Flem D. Sampson
0%
1816-1820Gabriel Slaughter
0%
1816George Madison
0%
1875-1879James B. McCreary
0%
1911-1915James B. McCreary
0%
1919James D. Black
0%
1862-1863James Fisher Robinson
0%
1834-1836James Turner Morehead
0%
1820-1824John Adair
0%
1832-1834John Breathitt
0%
1848-1850John J. Crittenden
0%
1850-1851John L. Helm
0%
1867John L. Helm
0%
1867-1871John W. Stevenson
0%
1883-1887J. Proctor Knott
0%
1950-1955Lawrence Wetherby
0%
1851-1855Lazarus W. Powell
0%
1879-1883Luke P. Blackburn
0%
1963-1967Ned Breathitt
0%
1871-1875Preston Leslie
0%
1840-1844Robert P. Letcher
0%
1931-1935Ruby Laffoon
0%
1943-1947Simeon Willis
0%
1887-1891Simon Bolivar Buckner
0%
1863-1867Thomas E. Bramlette
0%
1828-1832Thomas Metcalfe
0%
1971-1974Wendell Ford
0%
1900William Goebel
0%
1923-1927William J. Fields
0%
1895-1899William O'Connell Bradley
0%
1899-1900William S. Taylor
0%

Score Distribution

Percentile by Number Answered

Percent of People with Each Score

Your Score History

You have not taken this quiz